Statistical methods for geography: A student's guide (Record no. 29338)

MARC details
000 -LEADER
fixed length control field 00509nam a2200181Ia 4500
008 - FIXED-LENGTH DATA ELEMENTS--GENERAL INFORMATION
fixed length control field 230917s9999||||xx |||||||||||||| ||und||
020 ## - ISBN
Price GBP35.99
040 ## - CATALOGING SOURCE
-- 252255
Original cataloging agency VIVEKANANDA LIBRARY
041 ## - Language
-- English
082 ## - DDC NUMBER
Classification number 910.0182 R631S(4)
100 ## - MAIN ENTRY--PERSONAL NAME
Personal name Rogerson, Peter A
245 #0 - TITLE STATEMENT
Title Statistical methods for geography: A student's guide
250 ## - EDITION STATEMENT
Edition statement 4th ed.
260 ## - PUBLICATION, DISTRIBUTION, ETC. (IMPRINT)
Place of publication, distribution, etc London
Name of publisher, distributor, etc Sage Publications
Date of publication, distribution, etc 2015
300 ## - PHYSICAL DESCRIPTION
Pages xviii, 401 p.
500 ## - GENERAL NOTE
General note 3356 13/12/2018 PBA18/748 13/12/2018 Main Budget
942 ## - ADDED ENTRY ELEMENTS (KOHA)
Koha item type Books
Holdings
Withdrawn status Lost status Damaged status Not for loan Location (home branch) Sublocation or collection (holding branch) Shelving location Date acquired Koha issues (times borrowed) Koha full call number Accession No. Koha date last seen Koha item type
        VIVEKANANDA LIBRARY VIVEKANANDA LIBRARY Geography Department 28/01/2019   910.0182 R631S(4) 386284 17/09/2023 Books
© Designed and Maintained by Vivekananda Library, MDU Rohtak